000
00304nam a2200133 a 4500
008
090929s1988|||| d
100
1
_a
Angelov,C.
245
1
0
_a
Zlatokopovia
260
_b
Košice
_a
Východoslov. vyd.
_c
1988
020
_c
22.-
041
_a
slo
044
_a
xo
_c
SK
080
_a
886.7-3 /087.5/
999
_c
13
_d
13